Online Catalogue and eLibrary

Pawulaka ayaweya (Record no. 5065)

MARC details
000 -LEADER
fixed length control field 00376nam a2200157Ia 4500
005 - DATE AND TIME OF LATEST TRANSACTION
control field 20250624024536.0
008 - FIXED-LENGTH DATA ELEMENTS--GENERAL INFORMATION
fixed length control field 240331s9999 xx 000 0 und d
020 ## - INTERNATIONAL STANDARD BOOK NUMBER
ISBN 9552014662
082 ## - DDC Classification
Item Number - Author Mark DAY
Class No. 330
100 ## - MAIN ENTRY--PERSONAL NAME
Personal name Dayaratne,B.P
245 #0 - TITLE STATEMENT
Title Pawulaka ayaweya
260 ## - PUBLICATION, DISTRIBUTION, ETC.
Place of publication, distribution, etc. Colombo
Name of publisher, distributor, etc. S. Godage & Brothers
Date of publication, distribution, etc. 1995
300 ## - PHYSICAL DESCRIPTION
Extent (e.g. Volumes, Pages etc.) 160 p .,
650 ## - SUBJECT ADDED ENTRY--TOPICAL TERM
Topical term or geographic name entry element Home economics
942 ## - Koha item type (Biblio)
Koha item type Books in Stacks (Lending)
Holdings
Lost status Damaged status Collection code Home library Current library Shelving location Date acquired Full call number Accession Number Item type
    Lending WERC Library WERC Library Social Science Cupboard 03/31/2024 330 DAY 5220 Books in Stacks (Lending)

© WERC Library